<?xml version="1.0" encoding="UTF-8"?>
<marc:record xmlns:marc="http://www.loc.gov/MARC21/slim">
   <marc:leader>00000nam a2200000 a 4500</marc:leader>
   <marc:datafield ind1="1" ind2=" " tag="100">
      <marc:subfield code="a">Stern, Anne</marc:subfield>
      <marc:subfield code="4">aut</marc:subfield>
      <marc:subfield code="e">Verfasser/-in</marc:subfield>
   </marc:datafield>
   <marc:datafield ind1="0" ind2="0" tag="245">
      <marc:subfield code="a">Wenn die Tage länger werden</marc:subfield>
   </marc:datafield>
   <marc:datafield ind1="0" ind2="0" tag="245">
      <marc:subfield code="b">Roman</marc:subfield>
   </marc:datafield>
   <marc:datafield ind1="0" ind2="0" tag="245">
      <marc:subfield code="c">Anne Stern</marc:subfield>
   </marc:datafield>
   <marc:datafield ind1=" " ind2="1" tag="264">
      <marc:subfield code="a">Berlin</marc:subfield>
      <marc:subfield code="b">Aufbau Taschenbuch</marc:subfield>
      <marc:subfield code="c">2026</marc:subfield>
   </marc:datafield>
   <marc:datafield ind1=" " ind2=" " tag="250">
      <marc:subfield code="a">1. Auflage</marc:subfield>
   </marc:datafield>
   <marc:datafield ind1="1" ind2=" " tag="520">
      <marc:subfield code="a">Es ist das erste Mal seit sechs Jahren, dass die alleinerziehende Musiklehrerin Lisa einen Sommer ohne ihren Sohn vor sich hat. Doch die lang ersehnte Freiheit bringt auch Zweifel mit sich. Da ist die Sehnsucht nach ihrem Kind und die Frage, was für eine Frau sie eigentlich ist, wenn sie mal keine Mutter ist. Auf der Suche nach einem Restaurator für ihre alte vernachlässigte Geige begegnet sie der Obstbäuerin Ute in ihrem Kirschgarten, einer Frau, die keine Zeit mehr für Kompromisse hat. Bald wird Lisa klar, dass die Frage nach ihr selbst eng mit all dem verknüpft ist, worüber in ihrer Familie stets geschwiegen wurde. Und sie erfährt die unwiderstehliche Magie eines Sommers zwischen den Abgründen der Vergangenheit und der Ahnung einer neuen Freiheit.</marc:subfield>
   </marc:datafield>
   <marc:datafield ind1=" " ind2=" " tag="020">
      <marc:subfield code="a">9783746643113</marc:subfield>
      <marc:subfield code="9">9783746643113</marc:subfield>
   </marc:datafield>
   <marc:datafield ind1=" " ind2=" " tag="020">
      <marc:subfield code="a">3746643112</marc:subfield>
      <marc:subfield code="9">3746643112</marc:subfield>
   </marc:datafield>
   <marc:datafield ind1="3" ind2=" " tag="024">
      <marc:subfield code="a">9783746643113</marc:subfield>
   </marc:datafield>
   <marc:datafield ind1=" " ind2=" " tag="041">
      <marc:subfield code="a">ger</marc:subfield>
   </marc:datafield>
   <marc:datafield ind1=" " ind2=" " tag="300">
      <marc:subfield code="a">383 Seiten</marc:subfield>
   </marc:datafield>
</marc:record>
